CanTho university EFL learners' problems in the preparatory stage of doing research
Nội dung trình bày một cách chi tiết tiến trình thực hiện và kết quả cuộc một cuộc điều tra nhằm tìm ra những khó khăn mà sinh viên gặp phải trong giai đoạn chuẩn bị nghiên cứu.
محفوظ في:
| المؤلف الرئيسي: | |
|---|---|
| التنسيق: | كتاب |
| اللغة: | Undetermined |
| منشور في: |
Cần Thơ
Trường Đại học Cần Thơ
2008
|
| الموضوعات: | |
| الوسوم: |
إضافة وسم
لا توجد وسوم, كن أول من يضع وسما على هذه التسجيلة!
|
| Thư viện lưu trữ: | Trung tâm Học liệu Trường Đại học Cần Thơ |
|---|
| LEADER | 01016nam a2200217Ia 4500 | ||
|---|---|---|---|
| 001 | CTU_136005 | ||
| 008 | 210402s9999 xx 000 0 und d | ||
| 082 | |a 420.7 | ||
| 082 | |b T513 | ||
| 088 | |a 60140111 | ||
| 100 | |a Nguyễn, Thanh Tùng | ||
| 245 | 0 | |a CanTho university EFL learners' problems in the preparatory stage of doing research | |
| 245 | 0 | |c Nguyễn Thanh Tùng ; Nguyễn Thu Hương giáo viên hướng dẫn | |
| 260 | |a Cần Thơ | ||
| 260 | |b Trường Đại học Cần Thơ | ||
| 260 | |c 2008 | ||
| 520 | |a Nội dung trình bày một cách chi tiết tiến trình thực hiện và kết quả cuộc một cuộc điều tra nhằm tìm ra những khó khăn mà sinh viên gặp phải trong giai đoạn chuẩn bị nghiên cứu. | ||
| 650 | |a English language,Anh ngữ | ||
| 650 | |x Study and teaching.,Dạy và học | ||
| 904 | |i Tuyến | ||
| 980 | |a Trung tâm Học liệu Trường Đại học Cần Thơ | ||